| 000 | 00804nam a2200253Ia 4500 | ||
|---|---|---|---|
| 008 | 170203s9999 xx 000 0 und d | ||
| 020 | _a9716300409 | ||
| 050 | _aFic | ||
| 050 | _bAr668m | ||
| 245 | 4 | _aThe mats / | |
| 245 | _cby Francisco Arcellana ; illustrated by Hermès Alègrè. | ||
| 260 | _aManila : | ||
| 260 | _bTahanan Books for Young Readers, | ||
| 260 | _c©1995. | ||
| 300 | _a1 volume (unpaged) : | ||
| 300 | _bcolor illustrations ; | ||
| 300 | _c24 cm | ||
| 500 | _a"The Mats" first appeared as a short story in Phillipine Magazine in 1938"--Title page verso. | ||
| 650 | _aManners and customs. | ||
| 650 | _aPhilippines -- Social life and customs -- | ||
| 650 | _aPhilippines -- Social life and customs -- | ||
| 650 | _xFiction. | ||
| 650 | _xJuvenile fiction. | ||
| 999 |
_c306543 _d306543 |
||